Paroles-Garçons ; Koxie - Statistiques

Statistiques générales
  • Ce quiz a été pris 478 fois
  • Le résultat moyen est 325 sur 466
Statistiques - réponses
Réponse % Correct
à
99%
a
99%
au
98%
ce
97%
ma
96%
te
96%
ça
94%
ça"
94%
con !
94%
la
94%
"Là
94%
94%
94%
le
94%
Le
94%
aux
93%
garçon
93%
garcon
93%
Garçon
93%
me
93%
(REFRAIN)
93%
si
93%
cédille
92%
que
92%
tu
92%
Tu
92%
"Tu
92%
un
92%
et
91%
fait
91%
cons
90%
mec
90%
qui
90%
dit
89%
fille
89%
gare
89%
Gare
89%
une
89%
pas
88%
ta
88%
t'enlève
88%
de
87%
feu
87%
mon
87%
"Mon
87%
"Hé
86%
il
86%
Il
86%
Je
86%
je
86%
sur
86%
sûr
86%
c'est
85%
C'est
85%
"C'est
85%
leur
85%
perdent
85%
scooter
85%
comme
84%
sa
84%
bon
83%
est
83%
faire
83%
faire ?
83%
maman"
83%
parle
83%
dans
82%
qu'on
82%
rouge
82%
t'es
82%
avec
81%
J'lui
81%
Madame
81%
"Madame
81%
ou
81%
81%
réponds
81%
heure ?
80%
quelle
80%
Quelle
80%
Tout
80%
tout
80%
veux
80%
bonne
79%
gâterie ?"
78%
l'heure
78%
tête
78%
tête !
78%
"Du
77%
mais
77%
m'dit
77%
Paris
77%
regarde
77%
Alphonse
76%
j'te
76%
"Midi"
76%
en
75%
mère
75%
sais
75%
chien
74%
les
74%
qu'est
74%
Qu'est
74%
"Baisse
73%
bien
73%
des
73%
grand
73%
calme
72%
femmes
72%
gens
72%
n'aimerais
72%
On
72%
t'as
72%
"T'as
72%
baise !"
71%
j'ai
71%
quoi
71%
d'ma
70%
t'enlèves
70%
toi
70%
"Toi
70%
dis
69%
manque
69%
non
69%
Non
69%
"Non
69%
va
68%
défonce !"
67%
délicatesse ?
67%
d'garde
67%
princesses ?"
67%
compris
66%
traiter
66%
moment
65%
feux
63%
J'roulais
63%
"Ouais
63%
potes
63%
quand
62%
Ses
62%
connais
61%
m'agresses !
61%
justement
60%
l'malaise !"
60%
pour
60%
Pour
60%
ton
59%
"Vas-y
59%
vas-y
59%
prends !"
58%
prends
58%
prends ?
58%
rigolent
58%
encore
57%
voiture
56%
gland
55%
J'réponds
54%
moi
53%
même
49%
suivant
48%
d'poils
47%
fais
47%
Fais
47%
quéquette"
47%
t'enfonces
45%
cochonne
44%
grosse
44%
mes
43%
m'fait
43%
Montana
43%
Tony
42%
coup
41%
j'entends
41%
suis
41%
"Ben
39%
D'une
39%
planète !
39%
redescend
39%
fond"
38%
fond
38%
galère
38%
d'ta
37%
rêve
37%
taire !"
37%
crois
36%
d'me
36%
donné
36%
meilleure
36%
mieux
36%
bras
35%
j'aurai
35%
l'air
35%
moins
35%
Pardon"
35%
tata"
35%
voir
35%
chemin
34%
j'tai
34%
j'vais
34%
larmes
34%
l'bordel
34%
raison !
34%
viens
34%
vulgaire !
34%
vulgaire ?
34%
fête !
33%
J'y
33%
mettre"
33%
bisous
32%
caleçon !
32%
demandé
32%
descend
32%
J'continue
32%
parles
32%
pleure
32%
sorcière"
32%
t'la
32%
fellation"
31%
J'me
31%
m'as
31%
plus
31%
sois
31%
excuses
30%
l'affaire"
30%
cette
29%
descends
29%
façon
29%
espèces
28%
J'dis
28%
j'lacherais
28%
J'veux
28%
pression !"
28%
révélation
28%
sens
28%
t'excuses
28%
besoin
27%
bidon
27%
comptes
27%
problème
27%
qu'c'est
27%
Allez
26%
d'amour
25%
j'attends
25%
manquait
25%
T'vas
25%
vieilles
25%
s'voit
24%
d'éducation !
23%
garçons
23%
jouer ?
23%
jouer !
23%
lâche-moi
23%
d'action
22%
indescent !
22%
normal
22%
Y'a
22%
sérieux
21%
beaucoup
20%
leçon
20%
Ils
19%
Maintenant
19%
d'parler
18%
d'avoir
17%
t'arrêtes"
17%
comment
16%
Voila
16%
honte
15%
certains
14%
m'poussent
14%
Pourtant
13%
mériteraient
12%
besoins
10%
renonce
9%
Aucun quiz correspondant
Distribution des résultats
% des personnes avec chaque résultat
Percentile par nombre de réponses
Votre historique - résultats
Vous n’avez pas pris ce quiz